Эстетические идеи в книге А. Шопенгауэра "Мир как воля и представление"; Известия Томского политехнического университета [Известия ТПУ]; Т. 316, № 6: Экономика. Философия, социология и культурология

Detalhes bibliográficos
Parent link:Известия Томского политехнического университета [Известия ТПУ]/ Томский политехнический университет (ТПУ).— , 2000-
Т. 316, № 6: Экономика. Философия, социология и культурология.— 2010.— [С. 180-184]
Autor principal: Сычева С. Г. Светлана Георгиевна
Resumo:Заглавие с титульного листа
Электронная версия печатной публикации
Исследованы эстетические идеи А. Шопенгауэра. Проанализирована его теория различных видов искусства (музыки, поэзии, живописи, архитектуры). Сделан вывод о том, что искусство отдаляет человека от воли к жизни, которая связана со страданием, и приводит в мир представления, связанный с удовольствием. Поэтому творческий акт приносит эстетическое наслаждение.
Idioma:russo
Publicado em: 2010
Colecção:Философия, социология и культурология
Assuntos:
Acesso em linha:http://www.lib.tpu.ru/fulltext/v/Bulletin_TPU/2010/v316/i6/38.pdf
Formato: MixedMaterials Recurso Electrónico Capítulo de Livro
KOHA link:https://koha.lib.tpu.ru/cgi-bin/koha/opac-detail.pl?biblionumber=187783

MARC

LEADER 00000nla2a2200000 4500
001 187783
005 20231031174117.0
035 |a (RuTPU)RU\TPU\book\203763 
035 |a RU\TPU\book\203759 
090 |a 187783 
100 |a 20101120d2010 k y0rusy50 ca 
101 0 |a rus 
102 |a RU 
135 |a drnn ---uucaa 
181 0 |a i  
182 0 |a b 
200 1 |a Эстетические идеи в книге А. Шопенгауэра "Мир как воля и представление"  |b Электронный ресурс  |f С. Г. Сычева 
203 |a Текст  |c электронный 
215 |a 1 файл (61 Кб) 
225 1 |a Философия, социология и культурология 
230 |a Электронные текстовые данные (1 файл : 61 Кб) 
300 |a Заглавие с титульного листа 
300 |a Электронная версия печатной публикации 
320 |a [Библиогр.: с. 184 (7 назв.)] 
330 |a Исследованы эстетические идеи А. Шопенгауэра. Проанализирована его теория различных видов искусства (музыки, поэзии, живописи, архитектуры). Сделан вывод о том, что искусство отдаляет человека от воли к жизни, которая связана со страданием, и приводит в мир представления, связанный с удовольствием. Поэтому творческий акт приносит эстетическое наслаждение. 
337 |a Adobe Reader 
461 1 |0 (RuTPU)RU\TPU\book\176237  |t Известия Томского политехнического университета [Известия ТПУ]  |f Томский политехнический университет (ТПУ)  |d 2000- 
463 1 |0 (RuTPU)RU\TPU\book\203561  |x 1684-8519  |t Т. 316, № 6: Экономика. Философия, социология и культурология  |v [С. 180-184]  |d 2010  |p 243 с. 
610 1 |a воля 
610 1 |a представление 
610 1 |a эстетическое удовольствие 
610 1 |a гений 
610 1 |a таланты 
610 1 |a трагедии 
610 1 |a труды учёных ТПУ 
610 1 |a электронный ресурс 
700 1 |a Сычева  |b С. Г.  |c российский ученый, специалист в области культурологии и социальной коммуникации  |c профессор Томского политехнического университета, доктор философских наук  |f 1966-  |g Светлана Георгиевна  |2 stltpush  |3 (RuTPU)RU\TPU\pers\27140 
801 1 |a RU  |b 63413507  |c 20090623  |g PSBO 
801 2 |a RU  |b 63413507  |c 20211222  |g PSBO 
856 4 |u http://www.lib.tpu.ru/fulltext/v/Bulletin_TPU/2010/v316/i6/38.pdf 
942 |c CF